| 000 | 00644cam a22002293a 4500 | ||
|---|---|---|---|
| 001 | 14238 | ||
| 003 | PGUSA | ||
| 005 | 20140828083315.0 | ||
| 008 | 041202s2004||||xxu|||||s|||||000 | eng d | ||
| 040 |
_aPGUSA _beng |
||
| 042 | _adc | ||
| 050 | 4 | _aNC | |
| 100 | 1 |
_aJohnson, A. E. _q(Alfred Edwin), _d1879- |
|
| 245 | 1 | 0 |
_aFrank Reynolds, R.I. _h[electronic resource] / _cA. E. Johnson |
| 260 |
_bProject Gutenberg, _c2004 |
||
| 506 | _aPublic domain in the USA. | ||
| 516 | _aElectronic text | ||
| 653 | _aReynolds, Frank, 1876-1953 | ||
| 830 | 0 |
_aProject Gutenberg _v14238 |
|
| 856 | 4 | 0 | _uhttp://www.gutenberg.org/ebooks/14238 |
| 942 | _cEB | ||
| 999 |
_c243493 _d243493 |
||